000 00716cam a2200265 4500
008 090401t1992 xxu||||| |||| 00| 0 eng d
020 _a0632029439
035 _a(Sirsi) u3301
041 _aeng
050 _a526.99
100 _aIngham, A.E.
245 _aHydrography for the surveyor and engineer.
250 _a3rd ed.
260 _aOxford
_bBlackwell Scientific Publications
_c1992
300 _aviii,132p. : ill. ; 24cm
350 _a17.99
520 _aThird edition revised by V.J. Abbott.
650 _aHYDROGRAPHIC SURVEYING
650 _aOFFSHORE STRUCTURES
650 _aSURVEYORS
690 _aLAND SURVEYING
700 _aAbbott, V. J.
_xEditor
942 _n0
948 _c04/03/1997
999 _c85868
_d85868